00160nam a22000857a 4500100001400000245002600014250000900040260001700049300000800066 aYadav M.S aJee Advance Chemistry a2024 bMTG Learning a396